[Event "Wch Juvenil 2013 sub-14"]
[Site "Al-Ain UAE"]
[Date "2013.12.22"]
[Round "5.35"]
[White "Simo, Marian"]
[Black "Loh, Zachary"]
[Result "0-1"]
[WhiteElo "1873"]
[BlackElo "2036"]
[PlyCount "76"]
[EventDate "2013.12.19"]
[EventType "swiss"]
[EventRounds "11"]
[EventCountry "UAE"]
[Source "lmi"]
[SourceDate "2013.12.19"]

1. e4 c6 2. d4 d5 3. exd5 cxd5 4. Bd3 Nc6 5. c3 g6 6. Bf4 Nh6 7. Nf3 Bf5 8. O-O
Qb6 9. Bxf5 Nxf5 10. Qb3 Qxb3 11. axb3 Bg7 12. Nbd2 O-O 13. Rfe1 f6 14. b4 a6
15. Nb3 Rae8 16. Na5 g5 17. Bg3 Nxg3 18. hxg3 Nd8 19. Rad1 e6 20. Nb3 g4 21.
Nh2 h5 22. f3 gxf3 23. gxf3 Kf7 24. Kf2 Rh8 25. Nc5 Bf8 26. b3 Bd6 27. Nf1 Reg8
28. c4 Rg6 29. Rd3 Rhg8 30. f4 h4 31. cxd5 exd5 32. gxh4 Rg2+ 33. Kf3 R2g4 34.
Ke2 Bxf4 35. Ne3 Bxe3 36. Kxe3 Rxh4 37. Rd2 Re8+ 38. Kf2 Rh2+ 0-1

[Event "Wch Juvenil 2013 sub-14"]
[Site "Al-Ain UAE"]
[Date "2013.12.22"]
[Round "5.37"]
[White "Nacer, Mohamed Arezki"]
[Black "Akhgari, Reza"]
[Result "0-1"]
[WhiteElo "1866"]
[BlackElo "2000"]
[PlyCount "120"]
[EventDate "2013.12.19"]
[EventType "swiss"]
[EventRounds "11"]
[EventCountry "UAE"]
[Source "lmi"]
[SourceDate "2013.12.19"]

1. e4 e6 2. d4 d5 3. e5 c5 4. c3 Nc6 5. Nf3 Bd7 6. Be2 Nge7 7. O-O Nf5 8. Be3
Qb6 9. Qd2 h5 10. Rd1 Be7 11. b3 cxd4 12. cxd4 Bb4 13. Qb2 Be7 14. Nc3 Na5 15.
Bf4 g6 16. h3 h4 17. Rab1 Rc8 18. a3 a6 19. b4 Nc4 20. Bxc4 Rxc4 21. Ne2 O-O
22. Nd2 Rc7 23. Rdc1 Rfc8 24. Nb3 Bb5 25. Rxc7 Rxc7 26. Be3 Qa7 27. Rc1 b6 28.
Rxc7 Qxc7 29. Qc3 Qd7 30. Nec1 Kf8 31. Bf4 Ke8 32. g4 hxg3 33. fxg3 g5 34. Bd2
Bc4 35. Be1 Qa4 36. Qb2 Kd7 37. Kf2 Qc6 38. Qc3 Bxb3 39. Nxb3 Qa4 40. Qb2 Ng7
41. Bd2 Ne8 42. Bc1 Nc7 43. Qc2 Kd8 44. Kf3 Nb5 45. Qb2 Qxb3+ 46. Qxb3 Nxd4+
47. Kg4 Nxb3 48. Bxg5 Bxg5 49. Kxg5 d4 50. Kf4 d3 51. Ke3 d2 52. Ke2 Ke7 53. h4
f6 54. exf6+ Kxf6 55. g4 e5 56. a4 e4 57. Kd1 e3 58. Ke2 Nc1+ 59. Kd1 Na2 60.
Kc2 Nc3 0-1

[Event "Wch Juvenil 2013 sub-14"]
[Site "Al-Ain UAE"]
[Date "2013.12.22"]
[Round "5.39"]
[White "Licheli, Luka"]
[Black "Banik, Siddharth G"]
[Result "1-0"]
[WhiteElo "1759"]
[BlackElo "1978"]
[PlyCount "118"]
[EventDate "2013.12.19"]
[EventType "swiss"]
[EventRounds "11"]
[EventCountry "UAE"]
[Source "lmi"]
[SourceDate "2013.12.19"]

1. e4 c5 2. b3 b6 3. g3 Bb7 4. Bg2 e6 5. Ne2 Qc7 6. c4 Nf6 7. Nbc3 a6 8. O-O
Nc6 9. Bb2 Be7 10. h3 h5 11. d4 cxd4 12. Nxd4 Nxd4 13. Qxd4 Bc5 14. Qd3 h4 15.
g4 Qg3 16. Rad1 b5 17. Qe2 bxc4 18. bxc4 Qf4 19. Qd2 Qxd2 20. Rxd2 Bb4 21. Rfd1
Rd8 22. e5 Bxg2 23. Kxg2 Bxc3 24. Bxc3 Ne4 25. Rd3 Rc8 26. Bb4 Nc5 27. Bxc5
Rxc5 28. Rxd7 O-O 29. Ra7 a5 30. Rdd7 Rxe5 31. Rdc7 g5 32. c5 Re2 33. c6 Rc2
34. Rxa5 Rd8 35. Rxg5+ Kf8 36. Rd7 Rc8 37. Rh5 R8xc6 38. Rh7 R6c3 39. Rhxf7+
Ke8 40. Rde7+ Kd8 41. Rxe6 Rg3+ 42. Kh2 Rd3 43. Rh6 Ke8 44. Rf5 Rxa2 45. Rxh4
Ke7 46. Rh7+ Ke6 47. Rh6+ Ke7 48. g5 Ra8 49. Rh7+ Ke6 50. Rf6+ Ke5 51. Re7+ Kd4
52. Rd6+ Kc3 53. Rxd3+ Kxd3 54. g6 Rg8 55. g7 Kd4 56. f4 Kd5 57. f5 Kd6 58. f6
Ra8 59. Re2 Kd5 1-0

[Event "Wch Juvenil 2013 sub-14"]
[Site "Al-Ain UAE"]
[Date "2013.12.22"]
[Round "5.40"]
[White "Sadubayev, Airat"]
[Black "Nigmatov, Ortik"]
[Result "0-1"]
[WhiteElo "1706"]
[BlackElo "2023"]
[PlyCount "66"]
[EventDate "2013.12.19"]
[EventType "swiss"]
[EventRounds "11"]
[EventCountry "UAE"]
[Source "lmi"]
[SourceDate "2013.12.19"]

1. e4 c5 2. Nf3 e6 3. d4 cxd4 4. Nxd4 Nf6 5. Nc3 d6 6. Be2 Be7 7. Be3 a6 8. g4
Nc6 9. g5 Nd7 10. h4 O-O 11. Qd2 Nxd4 12. Bxd4 b5 13. a3 Ne5 14. f4 Nc6 15. Be3
Rb8 16. O-O f6 17. Rf2 Bd7 18. Rg2 Be8 19. Rf1 Bf7 20. Bf3 Qc7 21. f5 Ne5 22.
Be2 Kh8 23. h5 fxg5 24. Bxg5 exf5 25. exf5 Nc4 26. Qc1 Rg8 27. Bxc4 bxc4 28.
Qf4 Qc5+ 29. Kh1 Bxg5 30. Qxg5 Qe5 31. Re2 Bd5+ 32. Nxd5 Qxe2 33. Rg1 Qf3+ 0-1

[Event "Wch Juvenil 2013 sub-14"]
[Site "Al-Ain UAE"]
[Date "2013.12.22"]
[Round "5.41"]
[White "Perske, Thore"]
[Black "Mayed, Al-Rashedi"]
[Result "1-0"]
[WhiteElo "2164"]
[BlackElo "1820"]
[PlyCount "65"]
[EventDate "2013.12.19"]
[EventType "swiss"]
[EventRounds "11"]
[EventCountry "UAE"]
[Source "lmi"]
[SourceDate "2013.12.19"]

1. e4 e5 2. Nf3 Nc6 3. Bb5 Nf6 4. d3 Bc5 5. c3 O-O 6. O-O d6 7. h3 h6 8. Re1
Bb6 9. Nbd2 a6 10. Ba4 Nh7 11. Bb3 Kh8 12. Nc4 Ba7 13. d4 exd4 14. cxd4 f5 15.
e5 d5 16. Ne3 Be6 17. Bc2 g5 18. g4 fxg4 19. hxg4 Rf4 20. Bxh7 Kxh7 21. Qd3+
Kg7 22. Nf5+ Bxf5 23. gxf5 Rg4+ 24. Kf1 Nxd4 25. f6+ Kh8 26. Nxd4 Bxd4 27. Qf5
Rh4 28. Be3 Qe8 29. f7 Qf8 30. Bxd4 Rxd4 31. e6 Rf4 32. Qe5+ Qg7 33. e7 1-0

[Event "Wch Juvenil 2013 sub-14"]
[Site "Al-Ain UAE"]
[Date "2013.12.22"]
[Round "5.42"]
[White "Nikitenko, Mihail"]
[Black "Baterdene, Tsogbayar"]
[Result "0-1"]
[WhiteElo "2125"]
[BlackElo "1816"]
[PlyCount "88"]
[EventDate "2013.12.19"]
[EventType "swiss"]
[EventRounds "11"]
[EventCountry "UAE"]
[Source "lmi"]
[SourceDate "2013.12.19"]

1. e4 c5 2. Nf3 d6 3. d4 cxd4 4. Nxd4 Nf6 5. Nc3 a6 6. Bg5 e6 7. f4 Qc7 8. Qf3
b5 9. O-O-O b4 10. Nce2 Nbd7 11. g4 Bb7 12. Bxf6 Nxf6 13. Ng3 d5 14. e5 Nd7 15.
Bg2 O-O-O 16. Kb1 Kb8 17. Rc1 Qb6 18. Nge2 Rc8 19. Rhd1 a5 20. c3 bxc3 21. Nxc3
Rc4 22. Nce2 Rb4 23. Rc2 Bc5 24. Nb3 Rc8 25. Rdc1 a4 26. Nxc5 Rxc5 27. h4 Ba6
28. a3 Rb3 29. Nc3 Rc4 30. Nxd5 Rxc2 31. Rxc2 Qg1+ 32. Rc1 Qxc1+ 33. Kxc1 Rxf3
34. Bxf3 exd5 35. Bxd5 Nc5 36. Bxf7 Kc7 37. e6 Kd6 38. f5 Be2 39. Bg8 Bxg4 40.
Bxh7 Ke7 41. Kc2 Kf6 42. Kc3 Bd1 43. h5 Nb7 44. Kd2 Bxh5 0-1

[Event "Wch Juvenil 2013 sub-14"]
[Site "Al-Ain UAE"]
[Date "2013.12.22"]
[Round "5.43"]
[White "Fedotov, Nikita"]
[Black "Kokaia, Guram"]
[Result "1/2-1/2"]
[WhiteElo "2045"]
[BlackElo "1812"]
[PlyCount "93"]
[EventDate "2013.12.19"]
[EventType "swiss"]
[EventRounds "11"]
[EventCountry "UAE"]
[Source "lmi"]
[SourceDate "2013.12.19"]

1. Nf3 c5 2. g3 g6 3. Bg2 Bg7 4. O-O Nf6 5. d4 cxd4 6. Nxd4 O-O 7. Nc3 Nc6 8.
Nb3 d6 9. h3 Be6 10. e4 Rc8 11. f4 a6 12. Be3 b5 13. Kh2 b4 14. Nd5 Nd7 15. Rb1
a5 16. f5 Bxd5 17. exd5 Nce5 18. Nd4 Nc4 19. Bg1 Nde5 20. Qe2 Qc7 21. Rfe1 Rfe8
22. h4 Bh6 23. fxg6 hxg6 24. h5 g5 25. Nf5 Bf8 26. Rf1 e6 27. dxe6 fxe6 28. Nd4
g4 29. Be4 Bh6 30. Rf6 Qg7 31. Rxe6 Rxe6 32. Bd5 Qg5 33. Bxe6+ Kh8 34. Bxc8
Qxh5+ 35. Kg2 Qh3+ 36. Kf2 Be3+ 37. Qxe3 Nxe3 38. Kxe3 Qxg3+ 39. Ke2 Qg2+ 40.
Ke3 Qg3+ 41. Ke2 Nf3 42. Bf2 Qg2 43. Nf5 g3 44. Nxg3 Nd4+ 45. Ke1 Nxc2+ 46. Ke2
Nd4+ 47. Ke1 1/2-1/2

[Event "Wch Juvenil 2013 sub-14"]
[Site "Al-Ain UAE"]
[Date "2013.12.22"]
[Round "5.44"]
[White "Spacek, Oliver"]
[Black "Dolinar, Matic"]
[Result "1-0"]
[WhiteElo "2041"]
[BlackElo "1770"]
[PlyCount "45"]
[EventDate "2013.12.19"]
[EventType "swiss"]
[EventRounds "11"]
[EventCountry "UAE"]
[Source "lmi"]
[SourceDate "2013.12.19"]

1. d4 Nf6 2. c4 c5 3. Nf3 g6 4. Nc3 Bg7 5. d5 e6 6. e4 exd5 7. e5 Ne4 8. Nxd5
Qa5+ 9. Bd2 Nxd2 10. Qxd2 Qd8 11. O-O-O Nc6 12. Qf4 O-O 13. Nf6+ Kh8 14. Ng5
Nxe5 15. Nfxh7 Re8 16. h4 f6 17. h5 fxg5 18. Nxg5 Kg8 19. h6 Bf6 20. Ne4 Rf8
21. Kb1 Kh7 22. Rd6 Bh8 23. Ng5+ 1-0

[Event "Wch Juvenil 2013 sub-14"]
[Site "Al-Ain UAE"]
[Date "2013.12.22"]
[Round "5.45"]
[White "Liao, Yu Hao"]
[Black "Kazakovskiy, Valeriy"]
[Result "1-0"]
[WhiteElo "1770"]
[BlackElo "2023"]
[PlyCount "45"]
[EventDate "2013.12.19"]
[EventType "swiss"]
[EventRounds "11"]
[EventCountry "UAE"]
[Source "lmi"]
[SourceDate "2013.12.19"]

1. e4 e6 2. d4 d5 3. Nc3 Nf6 4. e5 Nfd7 5. Nce2 c5 6. c3 Nc6 7. a3 a5 8. Nf3
Qb6 9. Nf4 a4 10. Be2 c4 11. O-O Qb3 12. Qe1 Nb6 13. Bd1 Qb5 14. Qe2 g6 15. Bc2
Bd7 16. Ng5 Ne7 17. Qg4 Nf5 18. Bxf5 exf5 19. Qe2 Qc6 20. e6 fxe6 21. Qe5 Rg8
22. Qf6 Rg7 23. Re1 1-0

[Event "Wch Juvenil 2013 sub-14"]
[Site "Al-Ain UAE"]
[Date "2013.12.22"]
[Round "5.46"]
[White "Naotunna, Dineth Nimnaka"]
[Black "Fawzy, Adham"]
[Result "0-1"]
[WhiteElo "1759"]
[BlackElo "2013"]
[PlyCount "64"]
[EventDate "2013.12.19"]
[EventType "swiss"]
[EventRounds "11"]
[EventCountry "UAE"]
[Source "lmi"]
[SourceDate "2013.12.19"]

1. d4 Nf6 2. c4 c5 3. d5 e6 4. Nc3 exd5 5. cxd5 d6 6. e4 g6 7. a4 Bg7 8. Bg5
O-O 9. Bd3 Re8 10. Nge2 a6 11. O-O Nbd7 12. f4 Qc7 13. a5 Ng4 14. Qe1 c4 15.
Bb1 b5 16. h3 Qa7+ 17. Kh1 Ngf6 18. Bxf6 Bxf6 19. f5 Be5 20. Qh4 Qe3 21. Qe1
Nc5 22. Nd1 Qg5 23. h4 Qh6 24. Rf3 Nb3 25. Rxb3 cxb3 26. Ra3 Bf6 27. g3 gxf5
28. Rxb3 fxe4 29. Ne3 Be5 30. Bxe4 Bg7 31. Qb4 f5 32. Bc2 Rxe3 0-1

[Event "Wch Juvenil 2013 sub-14"]
[Site "Al-Ain UAE"]
[Date "2013.12.22"]
[Round "5.47"]
[White "Sevgi, Volkan"]
[Black "Hiebert, Kenji"]
[Result "1/2-1/2"]
[WhiteElo "2007"]
[BlackElo "1769"]
[PlyCount "101"]
[EventDate "2013.12.19"]
[EventType "swiss"]
[EventRounds "11"]
[EventCountry "UAE"]
[Source "lmi"]
[SourceDate "2013.12.19"]

1. e4 d5 2. exd5 Qxd5 3. Nc3 Qd6 4. d4 Nf6 5. g3 Bg4 6. Be2 Bxe2 7. Ngxe2 e6 8.
O-O c6 9. f3 Na6 10. Ne4 Qd7 11. Be3 Be7 12. c4 Nc7 13. Qc2 O-O 14. Rad1 Rad8
15. Nf4 Rfe8 16. Nd3 Qc8 17. Rd2 Na6 18. Rfd1 Nxe4 19. fxe4 c5 20. d5 exd5 21.
exd5 Bd6 22. Re2 Nb8 23. Rde1 Nd7 24. Bf4 Bxf4 25. Nxf4 Nf6 26. Qa4 a6 27. Qc2
h6 28. a3 Rxe2 29. Rxe2 Re8 30. b3 Kf8 31. b4 cxb4 32. axb4 Rxe2 33. Qxe2 Qe8
34. Qd2 Qe4 35. Qc3 Qb1+ 36. Kg2 Ne4 37. Qe3 Qc2+ 38. Qe2 Qxe2+ 39. Nxe2 Ke7
40. Nd4 Kf6 41. c5 Ke5 42. d6 Nf6 43. Nb3 Kd5 44. Kf3 Kc4 45. c6 bxc6 46. Nc5
a5 47. Ne4 Nd7 48. bxa5 Kb5 49. Ke3 Kxa5 50. Kd4 Kb5 51. g4 1/2-1/2

[Event "Wch Juvenil 2013 sub-14"]
[Site "Al-Ain UAE"]
[Date "2013.12.22"]
[Round "5.48"]
[White "Djurhuus, Eivind X"]
[Black "Yasser, Mark"]
[Result "1-0"]
[WhiteElo "1978"]
[BlackElo "1750"]
[PlyCount "103"]
[EventDate "2013.12.19"]
[EventType "swiss"]
[EventRounds "11"]
[EventCountry "UAE"]
[Source "lmi"]
[SourceDate "2013.12.19"]

1. c4 c6 2. g3 d5 3. Bg2 Nf6 4. Nf3 Bf5 5. O-O e6 6. b3 Be7 7. Bb2 O-O 8. d3
Nbd7 9. Nbd2 Qc7 10. Rc1 Rad8 11. Re1 Bg6 12. cxd5 exd5 13. Nh4 Bd6 14. Nxg6
hxg6 15. Nf3 a6 16. Qc2 Qb8 17. e4 dxe4 18. dxe4 Ne5 19. Nxe5 Bxe5 20. f4 Qa7+
21. Kh1 Bxb2 22. Qxb2 Ng4 23. Re2 Ne3 24. Bf3 Rd3 25. Rd2 Rfd8 26. Rxd3 Rxd3
27. Be2 Qd4 28. Qxd4 Rxd4 29. Bf3 Rd2 30. Re1 Nc2 31. Re2 Rxe2 32. Bxe2 Nb4 33.
a4 Na2 34. Kg2 Kf8 35. Kf3 Ke7 36. e5 Nc1 37. Bd1 b5 38. Ke4 Na2 39. Kd4 Kd7
40. Kc5 Kc7 41. a5 Nc1 42. Bc2 Ne2 43. b4 Nc3 44. Bb3 f6 45. exf6 gxf6 46. Bf7
g5 47. h4 Ne4+ 48. Kd4 Nd6 49. Bg6 gxh4 50. gxh4 Nb7 51. h5 Nd8 52. f5 1-0

[Event "Wch Juvenil 2013 sub-14"]
[Site "Al-Ain UAE"]
[Date "2013.12.22"]
[Round "5.49"]
[White "Cerniauskas, Markas"]
[Black "Fernandez, Michael"]
[Result "0-1"]
[WhiteElo "1756"]
[BlackElo "1975"]
[PlyCount "118"]
[EventDate "2013.12.19"]
[EventType "swiss"]
[EventRounds "11"]
[EventCountry "UAE"]
[Source "lmi"]
[SourceDate "2013.12.19"]

1. d4 d5 2. c4 c6 3. cxd5 cxd5 4. Nc3 Nf6 5. Bf4 Nc6 6. e3 a6 7. h3 Qa5 8. Bd3
g6 9. Nf3 Bf5 10. Bxf5 gxf5 11. Be5 Bg7 12. O-O e6 13. Bd6 Qd8 14. Ba3 Nd7 15.
Rc1 Ne7 16. Ne2 O-O 17. Nf4 Re8 18. Nd3 Nc6 19. Qd2 Rc8 20. Bd6 Nb6 21. Bf4 Nc4
22. Qe2 Qe7 23. Bg5 f6 24. Bh4 Nd6 25. Rc2 Ne4 26. Rfc1 Qd7 27. Nc5 Nxc5 28.
Rxc5 Ne7 29. Bg3 Rxc5 30. Rxc5 Rc8 31. Qc2 Kf7 32. Rxc8 Qxc8 33. Qc5 Qxc5 34.
dxc5 Nc6 35. Bd6 e5 36. Kf1 Ke6 37. Ke2 Bh6 38. g4 fxg4 39. hxg4 f5 40. g5 Bg7
41. Nh4 d4 42. a3 e4 43. exd4 Bxd4 44. b3 Na5 45. g6 hxg6 46. Nxg6 Nxb3 47.
Nf4+ Kd7 48. f3 exf3+ 49. Kxf3 Bxc5 50. Bxc5 Nxc5 51. Ke3 Ne6 52. Nd3 Kc6 53.
Nc1 Kb5 54. Kd3 Ka4 55. Kc4 Kxa3 56. Kd5 Kb2 57. Nd3+ Kc3 58. Nc1 Nf4+ 59. Ke5
Nd3+ 0-1

[Event "Wch Juvenil 2013 sub-14"]
[Site "Al-Ain UAE"]
[Date "2013.12.22"]
[Round "5.50"]
[White "Bunyatov, Rustam Faiq"]
[Black "Kolver, Chris"]
[Result "1-0"]
[WhiteElo "1965"]
[BlackElo "1737"]
[PlyCount "69"]
[EventDate "2013.12.19"]
[EventType "swiss"]
[EventRounds "11"]
[EventCountry "UAE"]
[Source "lmi"]
[SourceDate "2013.12.19"]

1. d4 Nf6 2. Nf3 e6 3. c4 Bb4+ 4. Bd2 a5 5. a3 Bxd2+ 6. Qxd2 b6 7. Nc3 Bb7 8.
Qc2 d6 9. e4 Nbd7 10. Be2 O-O 11. O-O e5 12. d5 Re8 13. b4 Nf8 14. Nd2 Ng6 15.
g3 Bc8 16. c5 Bh3 17. Rfc1 Bd7 18. cxd6 cxd6 19. Nb5 Rc8 20. Qd3 Qe7 21. Na7
Rxc1+ 22. Rxc1 axb4 23. axb4 Rb8 24. Nc6 Bxc6 25. Rxc6 Qd8 26. Rc3 Ne8 27. Qe3
Ne7 28. Bb5 Nc7 29. Bc6 Na6 30. Rb3 Nxc6 31. dxc6 b5 32. Qa7 Qc8 33. Rc3 Nxb4
34. c7 Ra8 35. Qxa8 1-0

[Event "Wch Juvenil 2013 sub-14"]
[Site "Al-Ain UAE"]
[Date "2013.12.22"]
[Round "5.51"]
[White "Ho, Jei-Chen"]
[Black "Zhao, Juncheng"]
[Result "0-1"]
[WhiteElo "1694"]
[BlackElo "1963"]
[PlyCount "100"]
[EventDate "2013.12.19"]
[EventType "swiss"]
[EventRounds "11"]
[EventCountry "UAE"]
[Source "lmi"]
[SourceDate "2013.12.19"]

1. d4 d5 2. c4 e6 3. Nc3 Nf6 4. cxd5 exd5 5. Bg5 Be7 6. e3 O-O 7. Bd3 h6 8. Bh4
b6 9. Qc2 Bb7 10. Nf3 Nbd7 11. O-O c5 12. Rfd1 Rc8 13. Rac1 a6 14. Qe2 c4 15.
Bb1 b5 16. a3 Re8 17. Ne1 Qb6 18. f3 a5 19. Na2 Bd6 20. Bf5 Ra8 21. Nc3 b4 22.
Nb1 Qc7 23. h3 Nh5 24. Bf2 Ndf6 25. Nd2 g6 26. Bb1 bxa3 27. b3 c3 28. Qd3 cxd2
29. Rxc7 dxe1=Q+ 30. Rxe1 Bxc7 31. g4 Ng7 32. h4 Ba6 33. Qd1 Bd6 34. Kg2 a4 35.
e4 axb3 36. e5 a2 37. Bxa2 bxa2 38. exd6 Reb8 39. Qc2 Bc4 40. Ra1 Re8 41. Qc1
Rab8 42. g5 Nd7 43. gxh6 Nh5 44. Be1 Re2+ 45. Kg1 Rbb2 46. Qg5 Rb1 47. Qd8+ Nf8
48. h7+ Kxh7 49. Qe7 Rxa1 50. Qxf7+ Ng7 0-1

[Event "Wch Juvenil 2013 sub-14"]
[Site "Al-Ain UAE"]
[Date "2013.12.22"]
[Round "5.52"]
[White "Oliveira, Tiago Lopes"]
[Black "Kenenbaev, Aidar"]
[Result "1-0"]
[WhiteElo "1930"]
[BlackElo "1680"]
[PlyCount "107"]
[EventDate "2013.12.19"]
[EventType "swiss"]
[EventRounds "11"]
[EventCountry "UAE"]
[Source "lmi"]
[SourceDate "2013.12.19"]

1. e4 d6 2. d4 Nf6 3. Nd2 g6 4. Ngf3 Bg7 5. Bc4 O-O 6. O-O c5 7. dxc5 dxc5 8.
Qe2 Nc6 9. c3 Ng4 10. Nb3 Nge5 11. Nxe5 Nxe5 12. Bf4 Nxc4 13. Qxc4 b6 14. Rfd1
Qe8 15. Qd5 Be6 16. Qd2 Qa4 17. Qe2 Rfd8 18. f3 Bc4 19. Qc2 Qa6 20. Nc1 Rac8
21. e5 h6 22. b3 Be6 23. Ne2 Bf5 24. Qb2 Bd3 25. c4 Bf5 26. Nc3 Qb7 27. Qe2 Kh7
28. Rd5 Be6 29. Rd2 Rxd2 30. Qxd2 Qb8 31. Qe3 Rd8 32. Kh1 Rd7 33. Rd1 Qd8 34.
Rxd7 Qxd7 35. Kg1 g5 36. Bg3 f6 37. Kf1 Bf5 38. Ke2 Qd4 39. Qxd4 cxd4 40. Nb5
fxe5 41. Nxa7 Bb1 42. a3 Ba2 43. Nc8 Bxb3 44. Nxb6 e6 45. c5 Bf8 46. c6 Bd6 47.
Be1 Bb8 48. a4 e4 49. fxe4 e5 50. a5 Be6 51. Bb4 Kg7 52. Nd5 Ba7 53. c7 Kf7 54.
Ne7 1-0

[Event "Wch Juvenil 2013 sub-14"]
[Site "Al-Ain UAE"]
[Date "2013.12.22"]
[Round "5.53"]
[White "Tavzarashvili, Giorgi"]
[Black "Ahn, Hongjin"]
[Result "1/2-1/2"]
[WhiteElo "1692"]
[BlackElo "1907"]
[PlyCount "89"]
[EventDate "2013.12.19"]
[EventType "swiss"]
[EventRounds "11"]
[EventCountry "UAE"]
[Source "lmi"]
[SourceDate "2013.12.19"]

1. c4 e6 2. Nc3 d5 3. d4 Nf6 4. Bg5 Be7 5. e3 b6 6. cxd5 exd5 7. Nf3 O-O 8. Bd3
Bb7 9. Rc1 Nbd7 10. O-O Rc8 11. Qa4 a6 12. Ne5 b5 13. Qc2 h6 14. Bxf6 Nxf6 15.
Bf5 Rb8 16. Ne2 Bd6 17. f4 Qe7 18. g4 g6 19. Bd3 Bxe5 20. fxe5 Nxg4 21. Rf3 c5
22. h3 Nxe5 23. dxe5 c4 24. Bxg6 fxg6 25. Qxg6+ Qg7 26. Qxg7+ Kxg7 27. Rg3+ Kh7
28. Nf4 Rbe8 29. e6 d4 30. Nh5 Re7 31. Rf1 Rxf1+ 32. Kxf1 Rxe6 33. Rg7+ Kh8 34.
Rxb7 Rxe3 35. Kf2 Re6 36. Rf7 Kg8 37. Rf6 Re5 38. Nf4 d3 39. Re6 Rf5 40. Ke3
Kf7 41. Rxh6 Ke7 42. Rh5 Rf7 43. Rd5 Rg7 44. Nh5 Rg2 45. b3 1/2-1/2

[Event "Wch Juvenil 2013 sub-14"]
[Site "Al-Ain UAE"]
[Date "2013.12.22"]
[Round "5.54"]
[White "Thilakarathne, G M S."]
[Black "Mamyrbay, Assad"]
[Result "1/2-1/2"]
[WhiteElo "1674"]
[BlackElo "1904"]
[PlyCount "57"]
[EventDate "2013.12.19"]
[EventType "swiss"]
[EventRounds "11"]
[EventCountry "UAE"]
[Source "lmi"]
[SourceDate "2013.12.19"]

1. e4 c5 2. Nf3 d6 3. d4 cxd4 4. Nxd4 Nf6 5. Nc3 a6 6. Bg5 Nbd7 7. f4 Qc7 8.
Qf3 b5 9. O-O-O Bb7 10. Bd3 e6 11. Rhe1 Be7 12. Qg3 b4 13. Nd5 exd5 14. exd5
Kd8 15. Nc6+ Bxc6 16. dxc6 Nc5 17. Rxe7 Qxe7 18. Re1 Nxd3+ 19. cxd3 Qf8 20. Qg4
Ra7 21. Qf5 a5 22. Bxf6+ gxf6 23. Qxf6+ Kc8 24. Qd4 Kb8 25. Qb6+ Ka8 26. c7 Qc8
27. Qc6+ Rb7 28. Qa6+ Ra7 29. Qc6+ 1/2-1/2

[Event "Wch Juvenil 2013 sub-14"]
[Site "Al-Ain UAE"]
[Date "2013.12.22"]
[Round "5.55"]
[White "Garcia Herrera, Enrique Ric"]
[Black "Lau, Jason"]
[Result "1/2-1/2"]
[WhiteElo "1662"]
[BlackElo "1888"]
[PlyCount "61"]
[EventDate "2013.12.19"]
[EventType "swiss"]
[EventRounds "11"]
[EventCountry "UAE"]
[Source "lmi"]
[SourceDate "2013.12.19"]

1. Nf3 Nf6 2. c4 g6 3. g3 Bg7 4. Bg2 O-O 5. O-O d6 6. Nc3 e5 7. d3 Nc6 8. Rb1
a5 9. a3 h6 10. b4 axb4 11. axb4 Be6 12. b5 Ne7 13. Qc2 Qd7 14. Re1 Bh3 15. Bh1
Ng4 16. Nd2 Rab8 17. Bb2 f5 18. Nd5 g5 19. Nxe7+ Qxe7 20. Ra1 b6 21. Ra7 Kh8
22. Rea1 Nf6 23. Ra8 Bg4 24. Rxb8 Rxb8 25. Bf3 Bxf3 26. Nxf3 Qf7 27. Ra7 Rc8
28. d4 e4 29. Nd2 Nd7 30. e3 Qe7 31. Qa4 1/2-1/2

[Event "Wch Juvenil 2013 sub-14"]
[Site "Al-Ain UAE"]
[Date "2013.12.22"]
[Round "5.56"]
[White "Catur, Adi Sagita"]
[Black "Nero, Georg"]
[Result "1-0"]
[WhiteElo "1879"]
[BlackElo "1706"]
[PlyCount "105"]
[EventDate "2013.12.19"]
[EventType "swiss"]
[EventRounds "11"]
[EventCountry "UAE"]
[Source "lmi"]
[SourceDate "2013.12.19"]

1. Nf3 Nf6 2. g3 b6 3. Bg2 Bb7 4. O-O e6 5. d3 d5 6. Nbd2 Be7 7. c4 O-O 8. a3
c5 9. Rb1 Nc6 10. Re1 Qc7 11. Qc2 Rac8 12. b3 a6 13. Nf1 b5 14. Bg5 Nb8 15.
Rec1 Nbd7 16. Qb2 h6 17. Bf4 Bd6 18. Bxd6 Qxd6 19. N3d2 Rb8 20. b4 Ba8 21. bxc5
Nxc5 22. cxd5 Nxd5 23. Qd4 Na4 24. Bxd5 exd5 25. Ne3 Rfe8 26. Nf5 Qe5 27. Qg4
Nc3 28. Nxh6+ Kf8 29. Qb4+ Re7 30. Qxc3 d4 31. Qc5 Qxc5 32. Rxc5 gxh6 33. Nb3
Rxe2 34. Nxd4 Rd2 35. Rbc1 Rd8 36. Rc8 Ke8 37. Re1+ Kd7 38. Rc3 Rc8 39. Rxc8
Kxc8 40. Nb3 Rxd3 41. Nc5 Rxa3 42. Re8+ Kc7 43. Rxa8 Kb6 44. Ne4 f5 45. Nd6 b4
46. Nc4+ Kb5 47. Nxa3+ bxa3 48. Re8 a2 49. Re1 Kb4 50. f3 a5 51. g4 fxg4 52. f4
Kb3 53. f5 1-0

[Event "Wch Juvenil 2013 sub-14"]
[Site "Al-Ain UAE"]
[Date "2013.12.22"]
[Round "5.57"]
[White "Abdulla, Al-Hamed"]
[Black "Koniahli, Malek"]
[Result "0-1"]
[BlackElo "1875"]
[PlyCount "50"]
[EventDate "2013.12.19"]
[EventType "swiss"]
[EventRounds "11"]
[EventCountry "UAE"]
[Source "lmi"]
[SourceDate "2013.12.19"]
[WhiteElo "1627"]

1. e4 c5 2. Nc3 g6 3. f4 Bg7 4. Nf3 d6 5. Bb5+ Bd7 6. Bxd7+ Qxd7 7. O-O Nf6 8.
d3 O-O 9. Qe1 b5 10. Qh4 b4 11. Ne2 Nc6 12. f5 Rfc8 13. g4 Qd8 14. h3 a5 15.
fxg6 hxg6 16. Bh6 Qf8 17. Bxg7 Qxg7 18. b3 Ra7 19. Nh2 Nd7 20. g5 Nde5 21. Ng4
Nxg4 22. Qxg4 Rac7 23. Rab1 Nd4 24. Rfc1 Qe5 25. Nf4 Qxf4 0-1

[Event "Wch Juvenil 2013 sub-14"]
[Site "Al-Ain UAE"]
[Date "2013.12.22"]
[Round "5.58"]
[White "Abdullatif, Hassan"]
[Black "Visveshwar, A."]
[Result "0-1"]
[BlackElo "1870"]
[PlyCount "50"]
[EventDate "2013.12.19"]
[EventType "swiss"]
[EventRounds "11"]
[EventCountry "UAE"]
[Source "lmi"]
[SourceDate "2013.12.19"]
[WhiteElo "1399"]

1. e4 c5 2. Nf3 d6 3. Nc3 Nc6 4. d4 cxd4 5. Nxd4 Nf6 6. Be2 e6 7. Be3 Be7 8.
O-O O-O 9. Kh1 a6 10. f4 Qc7 11. Bf3 Bd7 12. Qe1 Rac8 13. Qg3 b5 14. Nxc6 Bxc6
15. f5 Kh8 16. a3 a5 17. fxe6 fxe6 18. e5 dxe5 19. Bxc6 Qxc6 20. Qxe5 b4 21.
axb4 axb4 22. Ra7 Ng4 23. Rxf8+ Rxf8 24. Qb5 Qxb5 25. Nxb5 Rf1+ 0-1

[Event "Wch Juvenil 2013 sub-14"]
[Site "Al-Ain UAE"]
[Date "2013.12.22"]
[Round "5.59"]
[White "Kovalevsky, Stanislav"]
[Black "Ahmed, Qutayba Yunis"]
[Result "1-0"]
[WhiteElo "1856"]
[BlackElo "1663"]
[PlyCount "35"]
[EventDate "2013.12.19"]
[EventType "swiss"]
[EventRounds "11"]
[EventCountry "UAE"]
[Source "lmi"]
[SourceDate "2013.12.19"]

1. c4 e6 2. e4 c5 3. Nc3 Nc6 4. g3 g6 5. Bg2 Bg7 6. d3 Nge7 7. h4 h5 8. Nge2 d6
9. Rb1 O-O 10. O-O e5 11. Nd5 Nxd5 12. cxd5 Nd4 13. Nxd4 cxd4 14. Bg5 Qa5 15.
Be7 Re8 16. Bxd6 Qxa2 17. Ba3 Bg4 18. f3 1-0